000
00347nam a2200145Ia 4500
008
230718s9999 xx 000 0 und d
041
_a
Eng.
082
_a
320.4
_b
SAR-C
100
_a
Sarwar Peop-D & Mulmamma
245
0
_a
Com Resative Governments
260
_a
Pakistan
_b
Ilmi book house
_c
2009
300
_a
628
650
_a
Law
999
_c
26408
_d
26408